[Event "2BLO 1920 Nickelhütte Aue - SF Bad Mer"]
[Site "?"]
[Date "2019.12.07"]
[Round "5.7"]
[White "Reinhardt, Bernd"]
[Black "Eichner, Sebastian"]
[Result "0-1"]
[WhiteElo "2185"]
[BlackElo "2344"]
[PlyCount "58"]
[EventDate "2019.??.??"]

1. d4 d5 2. Nf3 Nf6 3. Bf4 c5 4. e3 Nc6 5. c3 Qb6 6. Qb3 c4 7. Qc2 Bf5 8. Qc1
Nh5 9. Nh4 Nxf4 10. exf4 Bd7 11. g3 h6 12. f5 e5 13. fxe6 Bxe6 14. Bg2 g5 15.
Nf3 g4 16. Nfd2 h5 17. Qc2 h4 18. b3 Bg7 19. bxc4 Nxd4 20. cxd4 Qxd4 21. O-O
Qxa1 22. cxd5 Bd7 23. Re1+ Kf8 24. Qc7 Re8 25. Qd6+ Kg8 26. Rxe8+ Bxe8 27. Qd8
Qe5 28. Nc4 Qe1+ 29. Bf1 hxg3 {(Weiß gibt auf)} 0-1

[Event "2BLO 1920 Nickelhütte Aue - SF Bad Mer"]
[Site "?"]
[Date "2019.12.07"]
[Round "5.8"]
[White "Spiess, Gunter"]
[Black "Raps, Johannes"]
[Result "1-0"]
[WhiteElo "2393"]
[BlackElo "2137"]
[PlyCount "45"]
[EventDate "2019.??.??"]

1. d4 Nf6 2. c4 g6 3. Nc3 Bg7 4. e4 d6 5. Nf3 O-O 6. Be2 Bg4 7. Be3 Nbd7 8. O-O
c6 9. Rc1 e5 10. d5 c5 11. a3 Nh5 12. h3 Bxf3 13. Bxf3 Nf4 14. Kh2 g5 15. Bg4
Nf6 16. g3 Nxg4+ 17. Qxg4 Ng6 18. Bxg5 Qb6 19. h4 h6 20. Be3 Kh8 21. b4 Qa6 22.
Nb5 Rac8 23. h5 {(Weiß gab auf)} 1-0

[Event "2BLO 1920 Erfurter SK - SC NT Nürnberg"]
[Site "?"]
[Date "2019.12.07"]
[Round "5.1"]
[White "Milov, Leonid"]
[Black "Braeuer, Franz"]
[Result "1/2-1/2"]
[WhiteElo "2457"]
[BlackElo "2425"]
[PlyCount "95"]
[EventDate "2019.??.??"]

1. e4 e5 2. Nf3 Nc6 3. Bb5 a6 4. Ba4 Nf6 5. O-O Be7 6. Re1 b5 7. Bb3 O-O 8. d4
Nxd4 9. Bxf7+ Rxf7 10. Nxe5 Rf8 11. Qxd4 c5 12. Qd1 Bb7 13. Nc3 Qc7 14. Nf3 b4
15. Nd5 Nxd5 16. exd5 Bf6 17. Ng5 Qd6 18. Qd3 Bxg5 19. Bxg5 Qxd5 20. Qxd5+ Bxd5
21. Re5 Be6 22. Be7 Rf5 23. Rxc5 Rxc5 24. Bxc5 Rc8 25. Bxb4 Rxc2 26. Bc3 Bxa2
27. h4 Bc4 28. Ra4 d5 29. Rb4 Rc1+ 30. Kh2 Rd1 31. Rb8+ Kf7 32. Rb7+ Ke6 33.
Rxg7 d4 34. Bb4 Rb1 35. Re7+ Kf5 36. Rd7 Ke5 37. Bc5 d3 38. Bb4 Bd5 39. Bc3+
Ke6 40. Rxh7 Rxb2 41. Rh6+ Ke7 42. Rxa6 Rxf2 43. Bb4+ Kf7 44. Rd6 Rxg2+ 45. Kh3
Be4 46. Rd7+ Kf6 47. Rxd3 Bxd3 48. Kxg2 1/2-1/2

[Event "2BLO 1920 Erfurter SK - SC NT Nürnberg"]
[Site "?"]
[Date "2019.12.07"]
[Round "5.2"]
[White "Votava, Jan"]
[Black "Yelisieiev, Yevhenii"]
[Result "0-1"]
[WhiteElo "2522"]
[BlackElo "2403"]
[PlyCount "88"]
[EventDate "2019.??.??"]

1. d4 d5 2. Nf3 Nf6 3. c4 e6 4. Nc3 Bb4 5. e3 O-O 6. Bd2 b6 7. a3 Bd6 8. Qc2 c5
9. cxd5 exd5 10. Be2 Bb7 11. O-O Nbd7 12. Rad1 Rc8 13. Qf5 Qe7 14. Rfe1 Rfe8
15. g3 a6 16. Nh4 g6 17. Qh3 Ne4 18. Nxe4 dxe4 19. Bc3 cxd4 20. Bxd4 Be5 21.
Bg4 Rcd8 22. Bxd7 Rxd7 23. Bxe5 Rxd1 24. Rxd1 Qxe5 25. Qd7 Bc8 26. Qd4 Bg4 27.
Re1 Qxd4 28. exd4 Kf8 29. Ng2 Bf3 30. Ne3 Rd8 31. d5 Rc8 32. g4 Ke7 33. h4 Kd6
34. b3 b5 35. a4 Ke5 36. g5 h6 37. gxh6 Rh8 38. axb5 axb5 39. Kh2 Rxh6 40. Ng2
Bxg2 41. Kxg2 Rxh4 42. Rd1 Kd6 43. Rd4 f5 44. b4 Rg4+ {(Weiß gibt auf)} 0-1

[Event "2BLO 1920 Erfurter SK - SC NT Nürnberg"]
[Site "?"]
[Date "2019.12.07"]
[Round "5.3"]
[White "Mischustov, Michael"]
[Black "Enders, Peter"]
[Result "0-1"]
[WhiteElo "2349"]
[BlackElo "2453"]
[PlyCount "106"]
[EventDate "2019.??.??"]

1. e4 e6 2. d4 d5 3. e5 c5 4. c3 Nc6 5. Nf3 Bd7 6. a3 f6 7. Bd3 c4 8. Bc2 fxe5
9. Nxe5 Nxe5 10. dxe5 Ne7 11. Be3 Qc7 12. f4 O-O-O 13. Nd2 g5 14. fxg5 Qxe5 15.
Qe2 Nc6 16. Nf3 Qg7 17. O-O-O Bd6 18. Kb1 Rhf8 19. h4 b5 20. Nd4 Ne7 21. g4 Kb7
22. Bc1 Qg8 23. Rhf1 Ng6 24. h5 Nf4 25. Bxf4 Rxf4 26. Rxf4 Bxf4 27. g6 hxg6 28.
Bxg6 a5 29. Rf1 e5 30. Nf5 Qf8 31. Nh4 Qf6 32. Ng2 Rf8 33. Nxf4 exf4 34. Qf3
Qg5 35. Rg1 Rf6 36. Ka1 Rf8 37. Rg2 Kc6 38. Bf5 Bxf5 39. gxf5 Qxf5 40. h6 Qe4
41. Qf2 b4 42. Rg1 Qe3 43. Qg2 Re8 44. Rd1 Qe4 45. Qg7 Qe5 46. Qa7 bxc3 47.
Qa6+ Kd7 48. Qxc4 cxb2+ 49. Kb1 Ke6 50. Qc6+ Kf7 51. Rxd5 Qe1+ 52. Kxb2 Rb8+
53. Kc2 Qb1+ {(Weiß gibt auf)} 0-1

[Event "2BLO 1920 Erfurter SK - SC NT Nürnberg"]
[Site "?"]
[Date "2019.12.07"]
[Round "5.4"]
[White "Haba, Petr"]
[Black "Hoffmann, Sebastian"]
[Result "1/2-1/2"]
[WhiteElo "2479"]
[BlackElo "2188"]
[PlyCount "63"]
[EventDate "2019.??.??"]

1. e4 d5 2. exd5 Qxd5 3. Nc3 Qd8 4. d4 Nf6 5. Nf3 Bg4 6. h3 Bxf3 7. Qxf3 c6 8.
Be3 e6 9. O-O-O Bb4 10. Ne4 Nxe4 11. Qxe4 Qd5 12. Qxd5 cxd5 13. c4 dxc4 14.
Bxc4 Nd7 15. Kb1 Nb6 16. Bb3 Nd5 17. Bxd5 exd5 18. Rd3 O-O-O 19. Rc1+ Kb8 20.
Bg5 f6 21. Bf4+ Bd6 22. Bxd6+ Rxd6 23. Re3 Rd7 24. b3 Rc8 25. Rxc8+ Kxc8 26.
Kb2 Kc7 27. Ka3 Kd6 28. Re8 Rc7 29. Kb2 Kd7 30. Rh8 h6 31. g4 Rc8 32. Rxc8 {(=)
} 1/2-1/2

[Event "2BLO 1920 Erfurter SK - SC NT Nürnberg"]
[Site "?"]
[Date "2019.12.07"]
[Round "5.5"]
[White "Heimrath, Reiner"]
[Black "Weishaeutel, Moritz"]
[Result "1/2-1/2"]
[WhiteElo "2209"]
[BlackElo "2231"]
[PlyCount "96"]
[EventDate "2019.??.??"]

1. e4 c5 2. Nc3 a6 3. g3 b5 4. Bg2 Bb7 5. d3 e6 6. Nge2 Nf6 7. O-O d6 8. h3 Nc6
9. Kh1 Be7 10. f4 O-O 11. g4 Nd7 12. Ng3 Nb4 13. Nce2 d5 14. e5 Qc7 15. Bd2 d4
16. Ne4 Rfd8 17. N2g3 Nd5 18. Qe2 a5 19. Nh5 Kh8 20. g5 Bf8 21. Nhf6 gxf6 22.
gxf6 Ne7 23. fxe7 Bxe7 24. Qh5 f5 25. exf6 Nxf6 26. Qh6 Rg8 27. Ng5 Rg6 28. Qh4
h6 29. Rf2 Nh7 30. Qh5 Kg7 31. Be4 Bxe4+ 32. Nxe4 Nf6 33. Qf3 Rg8 34. Nxf6 Bxf6
35. Rg2 Kh8 36. Rag1 Rxg2 37. Rxg2 Rxg2 38. Kxg2 a4 39. Qa8+ Kg7 40. b3 axb3
41. axb3 c4 42. bxc4 bxc4 43. dxc4 Qxc4 44. Qb7+ Kg8 45. Qe4 Kg7 46. Be1 h5 47.
Kg1 Qc5 48. Bf2 Qf5 {(=)} 1/2-1/2

[Event "2BLO 1920 Erfurter SK - SC NT Nürnberg"]
[Site "?"]
[Date "2019.12.07"]
[Round "5.6"]
[White "Mueller, Matthias"]
[Black "Epding, Olaf"]
[Result "1-0"]
[WhiteElo "2385"]
[BlackElo "2195"]
[PlyCount "69"]
[EventDate "2019.??.??"]

1. e4 e6 2. d4 d5 3. Nc3 Nf6 4. e5 Nfd7 5. f4 c5 6. Nf3 Nc6 7. Be3 a6 8. Qd2
cxd4 9. Nxd4 Bc5 10. O-O-O O-O 11. Kb1 Nxd4 12. Bxd4 b5 13. Qe3 Qb6 14. Be2 Bb7
15. Bg4 Rac8 16. Ne2 f5 17. exf6 Rxf6 18. Rhe1 Re8 19. g3 Qd6 20. Qd2 Bxd4 21.
Nxd4 Nc5 22. Qb4 Qb6 23. Re5 Bc8 24. Qe1 Ref8 25. Qg1 Qd6 26. Qe1 Qb6 27. Qg1
Qd6 28. Qe3 Bd7 29. Nb3 Nxb3 30. axb3 Rc8 31. Rd2 Rc6 32. Bf3 Qc7 33. Rdxd5
exd5 34. Re8+ Kf7 35. Bh5+ {(Schwarz gibt auf)} 1-0

[Event "2BLO 1920 Erfurter SK - SC NT Nürnberg"]
[Site "?"]
[Date "2019.12.07"]
[Round "5.7"]
[White "Homuth, Wolfgang"]
[Black "Voekler, Bernd"]
[Result "0-1"]
[WhiteElo "2173"]
[BlackElo "2355"]
[PlyCount "42"]
[EventDate "2019.??.??"]

1. d4 Nf6 2. Bf4 d6 3. Nc3 g6 4. e4 Bg7 5. Qd2 a6 6. O-O-O b5 7. f3 Bb7 8. Bh6
Bxh6 9. Qxh6 Nbd7 10. e5 b4 11. Nce2 Nd5 12. e6 fxe6 13. Qg7 Rf8 14. Qxh7 Rf6
15. Qh6 c5 16. dxc5 Qa5 17. Kb1 Nxc5 18. Ka1 b3 19. cxb3 Nxb3+ 20. Kb1 Nb4 21.
a3 Qf5+ {(Weiß gab auf)} 0-1

[Event "2BLO 1920 Erfurter SK - SC NT Nürnberg"]
[Site "?"]
[Date "2019.12.07"]
[Round "5.8"]
[White "Casper, Thomas"]
[Black "Albrecht, Hans"]
[Result "1/2-1/2"]
[WhiteElo "2351"]
[BlackElo "2189"]
[PlyCount "85"]
[EventDate "2019.??.??"]

1. e4 e6 2. d4 d5 3. exd5 exd5 4. Nf3 Nf6 5. c4 Bb4+ 6. Nc3 O-O 7. Be2 dxc4 8.
Bxc4 Nbd7 9. O-O Nb6 10. Bb3 c6 11. Ne5 Nbd5 12. Qf3 Be6 13. Bg5 Qc8 14. Rac1
Nxc3 15. bxc3 Bxb3 16. axb3 Be7 17. c4 Qd8 18. Rcd1 Nd7 19. Nxd7 Qxd7 20. Be3
Bd6 21. d5 c5 22. Bf4 a5 23. Ra1 b6 24. Rfe1 Rfe8 25. g3 Qf5 26. Kg2 Bxf4 27.
Qxf4 Qxf4 28. gxf4 Kf8 29. Re5 f6 30. Re3 Rxe3 31. fxe3 f5 32. Kf3 Kf7 33. e4
fxe4+ 34. Kxe4 Re8+ 35. Kf3 Kf6 36. Ra2 g5 37. fxg5+ Kxg5 38. Re2 Rf8+ 39. Kg3
Ra8 40. Re5+ Kf6 41. Re6+ Kf5 42. Rxb6 a4 43. bxa4 {(=)} 1/2-1/2

[Event "2BLO 1920 SV Deggendorf - FC Bayern Mü"]
[Site "?"]
[Date "2019.12.08"]
[Round "6.1"]
[White "Belezky, Alexander"]
[Black "Sedlak, Nikola"]
[Result "1/2-1/2"]
[WhiteElo "2375"]
[BlackElo "2559"]
[PlyCount "62"]
[EventDate "2019.??.??"]

1. Nf3 d5 2. g3 g6 3. Bg2 Bg7 4. d3 e5 5. O-O Ne7 6. e4 O-O 7. Nc3 d4 8. Nb1 c5
9. a4 Nec6 10. Na3 Re8 11. Bg5 f6 12. Bd2 Be6 13. Nh4 Bf7 14. Bh3 Nd7 15. Nc4
Nf8 16. b3 Nb4 17. Ng2 Qe7 18. f4 Red8 19. fxe5 fxe5 20. Qc1 Ne6 21. Ne1 Rf8
22. Nf3 Nc6 23. Ng5 Nxg5 24. Bxg5 Qc7 25. Qd2 Kh8 26. Rf3 Bxc4 27. Rxf8+ Rxf8
28. bxc4 Bf6 29. Bh6 Bg7 30. Bg5 Bf6 31. Bh6 Bg7 1/2-1/2

[Event "2BLO 1920 SV Deggendorf - FC Bayern Mü"]
[Site "?"]
[Date "2019.12.08"]
[Round "6.2"]
[White "Delchev, Aleksander"]
[Black "Grafl, Florian"]
[Result "1/2-1/2"]
[WhiteElo "2567"]
[BlackElo "2345"]
[PlyCount "74"]
[EventDate "2019.??.??"]

1. e4 d5 2. exd5 Qxd5 3. Nf3 Bg4 4. Be2 Nc6 5. Nc3 Qd7 6. h3 Bh5 7. d4 e6 8.
Ne5 Bxe2 9. Qxe2 Qxd4 10. Nxc6 bxc6 11. Be3 Qb4 12. Qa6 Ne7 13. O-O f6 14. Rab1
Qb8 15. Rfd1 Qc8 16. Qc4 Kf7 17. Bc5 Qe8 18. Ne2 Ng6 19. Bxf8 Rxf8 20. f4 Kg8
21. f5 Ne5 22. Qxe6+ Qxe6 23. fxe6 Rfd8 24. b4 Kf8 25. Nd4 g6 26. b5 cxb5 27.
Rxb5 Rab8 28. Rc5 c6 29. e7+ Kxe7 30. Rxe5+ fxe5 31. Nxc6+ Ke8 32. Nxd8 Rxd8
33. Rb1 Ke7 34. Rb5 Ke6 35. Ra5 Rc8 36. Rxa7 Rxc2 37. Rxh7 Rxa2 1/2-1/2

[Event "2BLO 1920 SV Deggendorf - FC Bayern Mü"]
[Site "?"]
[Date "2019.12.08"]
[Round "6.3"]
[White "Graf, Felix"]
[Black "Bogosavljevic, Boban"]
[Result "0-1"]
[WhiteElo "2468"]
[BlackElo "2505"]
[PlyCount "80"]
[EventDate "2019.??.??"]

1. d4 d5 2. Nc3 Nf6 3. Bf4 a6 4. Nf3 b5 5. Ne5 e6 6. e3 Bb7 7. a4 b4 8. Na2
Nbd7 9. Nd3 Ne4 10. f3 Nd6 11. Naxb4 Nc4 12. b3 g5 13. bxc4 gxf4 14. c5 Qh4+
15. Ke2 a5 16. c6 Bxb4 17. cxd7+ Kxd7 18. exf4 Ba6 19. Ke3 Bxd3 20. Qxd3 Rab8
21. g3 Qf6 22. c3 Bd6 23. Be2 h5 24. Rab1 Rxb1 25. Qxb1 h4 26. Rg1 hxg3 27.
hxg3 Rh2 28. Qb8 Ke7 29. Bb5 Rh8 30. Qb7 Qg6 31. Rg2 Qb1 32. Qc6 Qc1+ 33. Kd3
Kf6 34. Rd2 Qb1+ 35. Ke3 Rh3 36. Qe8 Qg1+ 37. Kd3 Qxg3 38. Kc2 Kg7 39. f5 Qxf3
40. Bd3 Bf4 0-1

[Event "2BLO 1920 SV Deggendorf - FC Bayern Mü"]
[Site "?"]
[Date "2019.12.08"]
[Round "6.4"]
[White "Stojanovic, Dalibor"]
[Black "Zajogin, Alexander"]
[Result "1/2-1/2"]
[WhiteElo "2510"]
[BlackElo "2415"]
[PlyCount "135"]
[EventDate "2019.??.??"]

1. e4 e5 2. Nf3 Nc6 3. Bb5 Nf6 4. d3 Bc5 5. Bxc6 dxc6 6. Qe2 Nd7 7. Nbd2 Qe7 8.
Nc4 Bd6 9. Be3 Nb6 10. Ncd2 c5 11. Nf1 Na4 12. Bc1 Nb6 13. Ne3 g6 14. a4 Be6
15. b3 c6 16. Bb2 f6 17. h4 h5 18. Nd2 Bc7 19. g3 Nd7 20. f3 Nf8 21. Qf2 Bf7
22. f4 Ne6 23. f5 Nd4 24. fxg6 Bxg6 25. O-O-O O-O-O 26. c3 Ne6 27. Nf5 Qh7 28.
Nc4 Rd7 29. Rhf1 Rhd8 30. Kc2 b5 31. axb5 cxb5 32. Nce3 Bb6 33. Nd5 Rxd5 34.
exd5 c4 35. Qf3 Nc5 36. b4 Nxd3 37. d6 Kb8 38. Kb1 e4 39. Qxe4 Re8 40. Qc6 Ne5
41. Qe4 Nd7 42. Qf3 Re5 43. Ka1 Bxf5 44. Rde1 Be4 45. Qf4 f5 46. Bc1 Qh8 47.
Kb2 Rd5 48. Rxe4 fxe4 49. Qf7 Rxd6 50. Bf4 Ne5 51. Qe7 Nd3+ 52. Kc2 Nxf4 53.
Rxf4 Qh6 54. Rf8+ Bd8 55. Rxd8+ Rxd8 56. Qxd8+ Kb7 57. Qe7+ Kb6 58. Qxe4 Qd6
59. Qf5 a5 60. Qf2+ Ka6 61. bxa5 Kxa5 62. Qa7+ Qa6 63. Qe7 Qg6+ 64. Kb2 Kb6 65.
Qe3+ Kc6 66. Qf3+ Kb6 67. Qe3+ Kc6 68. Qf3+ 1/2-1/2

[Event "2BLO 1920 SV Deggendorf - FC Bayern Mü"]
[Site "?"]
[Date "2019.12.08"]
[Round "6.5"]
[White "Klebel, Martin"]
[Black "Popovic, Dusan"]
[Result "0-1"]
[WhiteElo "2362"]
[BlackElo "2488"]
[PlyCount "122"]
[EventDate "2019.??.??"]

1. d4 Nf6 2. Nf3 g6 3. g3 Bg7 4. Bg2 O-O 5. O-O d6 6. b3 a5 7. c4 a4 8. Bb2 c6
9. b4 Nbd7 10. a3 Ne4 11. Qc2 d5 12. Nbd2 Nxd2 13. Nxd2 Nf6 14. e4 dxe4 15.
Nxe4 Bf5 16. Rad1 Nxe4 17. Bxe4 Bxe4 18. Qxe4 e6 19. Bc1 Qd7 20. h4 b5 21. d5
cxd5 22. cxd5 Qb7 23. f3 exd5 24. Rxd5 Rac8 25. Rfd1 Rfe8 26. Re5 Qb6+ 27. Be3
Qb8 28. Rxe8+ Rxe8 29. Qf4 Be5 30. Qh6 Bxg3 31. Bd4 Be5 32. Bxe5 Qxe5 33. Qg5
Qxg5+ 34. hxg5 Re5 35. f4 Re4 36. f5 Rg4+ 37. Kh2 Rxg5 38. f6 h5 39. Rd8+ Kh7
40. Rd7 Rf5 41. Rxf7+ Kh6 42. Rb7 Rxf6 43. Rxb5 Rf3 44. Ra5 Rxa3 45. b5 Rb3 46.
Rxa4 Rxb5 47. Ra6 h4 48. Rc6 Kh5 49. Rc8 g5 50. Rh8+ Kg4 51. Ra8 Rb2+ 52. Kh1
h3 53. Ra4+ Kg3 54. Ra3+ Kh4 55. Ra4+ g4 56. Rc4 Re2 57. Kg1 Kg3 58. Rc3+ Kf4
59. Rc1 g3 60. Ra1 Rd2 61. Re1 Kf3 0-1

[Event "2BLO 1920 SV Deggendorf - FC Bayern Mü"]
[Site "?"]
[Date "2019.12.08"]
[Round "6.6"]
[White "Cabarkapa, Novak"]
[Black "Reich, Thomas"]
[Result "1-0"]
[WhiteElo "2458"]
[BlackElo "2369"]
[PlyCount "135"]
[EventDate "2019.??.??"]

1. d4 d5 2. Nc3 Nf6 3. Bf4 a6 4. e3 e6 5. g4 c5 6. g5 Nfd7 7. Qf3 cxd4 8. exd4
Nc6 9. O-O-O b5 10. h4 g6 11. h5 Rg8 12. hxg6 hxg6 13. Rh7 Bg7 14. Nxd5 exd5
15. Qxd5 Ndb8 16. Re1+ Be6 17. Qxd8+ Kxd8 18. d5 Bxd5 19. Rd1 Ne7 20. Bg2 Nbc6
21. Rxd5+ Nxd5 22. Bxd5 Rc8 23. Bxf7 Ke7 24. Bxg8 Rxg8 25. Nf3 Ke6 26. Be3 b4
27. Rh4 Kd5 28. Ne1 a5 29. Nd3 Be5 30. Nxe5 Nxe5 31. Rd4+ Ke6 32. Bf4 Nf3 33.
Rd3 Kf5 34. Bd6 Kg4 35. Rd5 Rc8 36. b3 Rd8 37. Kb2 Rd7 38. a3 Nxg5 39. axb4 Ne4
40. Rd4 Rxd6 41. Rxe4+ Kf3 42. Re3+ Kxf2 43. Rd3 Ra6 44. bxa5 Rxa5 45. c4 Ra8
46. c5 g5 47. b4 g4 48. Kb3 g3 49. c6 Re8 50. b5 g2 51. Rd2+ Re2 52. Rd1 Re3+
53. Kc4 Re4+ 54. Kd5 Re1 55. Rxe1 Kxe1 56. c7 g1=Q 57. c8=Q Qg2+ 58. Kd6 Qg3+
59. Kc6 Qf3+ 60. Kc7 Kd2 61. Qd7+ Ke3 62. b6 Qf4+ 63. Kc8 Qf8+ 64. Qd8 Qc5+ 65.
Kb7 Qa5 66. Qd6 Ke4 67. Kb8 Qa6 68. Qc5 1-0

[Event "2BLO 1920 SV Deggendorf - FC Bayern Mü"]
[Site "?"]
[Date "2019.12.08"]
[Round "6.7"]
[White "Rodewis, Thomas"]
[Black "Krstic, Petar"]
[Result "1/2-1/2"]
[WhiteElo "2357"]
[BlackElo "2315"]
[PlyCount "28"]
[EventDate "2019.??.??"]

1. d4 d5 2. Nf3 Nf6 3. c4 c6 4. Nc3 dxc4 5. a4 Bf5 6. e3 e6 7. Bxc4 Bb4 8. O-O
O-O 9. Qe2 Nbd7 10. Rd1 Ne4 11. Nxe4 Bxe4 12. Bd2 Bxf3 13. Qxf3 Bxd2 14. Rxd2
a5 1/2-1/2

[Event "2BLO 1920 SV Deggendorf - FC Bayern Mü"]
[Site "?"]
[Date "2019.12.08"]
[Round "6.8"]
[White "Bielmeier, Ludwig"]
[Black "Unzicker, Ferdinand"]
[Result "1/2-1/2"]
[WhiteElo "2050"]
[BlackElo "2321"]
[PlyCount "105"]
[EventDate "2019.??.??"]

1. Nf3 d5 2. g3 c5 3. c4 d4 4. d3 Nc6 5. Bg2 e5 6. O-O Nge7 7. Na3 Ng6 8. Nc2
Bd6 9. e4 O-O 10. a3 a6 11. Nd2 Rb8 12. Rb1 Qe7 13. b3 f6 14. Qh5 Be6 15. Bh3
Bf7 16. Bf5 Rfe8 17. h4 b5 18. Qf3 Nf8 19. h5 Rb7 20. Ne1 Ne6 21. Qg4 Bc7 22.
Ng2 Reb8 23. Ra1 Nf8 24. Nh4 Na5 25. b4 bxc4 26. bxa5 cxd3 27. Ndf3 Bxa5 28.
Bh6 Bb3 29. Kg2 Kh8 30. Bd2 Bc3 31. Rae1 Kg8 32. Rh1 Bxd2 33. Nxd2 Ba2 34. Ng6
Qe8 35. Nxf8 Qxf8 36. Be6+ Bxe6 37. Qxe6+ Qf7 38. Qxa6 Rb2 39. Rb1 Qa2 40. Rxb2
Rxb2 41. Qc8+ Kf7 42. Qd7+ Kf8 43. h6 gxh6 44. Qc8+ Kg7 45. Rh4 h5 46. Rxh5 Qf7
47. Qg4+ Kh8 48. Qc8+ Kg7 49. Qg4+ Kh8 50. Qc8+ Kg7 51. Qg4+ Kh8 52. Qc8+ Kg7
53. Qg4+ 1/2-1/2

[Event "2BLO 1920 SK Passau - MSA Zugzwang"]
[Site "?"]
[Date "2019.12.08"]
[Round "6.1"]
[White "Mons, Leon"]
[Black "Diermair, Andreas"]
[Result "1-0"]
[WhiteElo "2555"]
[BlackElo "2475"]
[PlyCount "113"]
[EventDate "2019.??.??"]

1. e4 e5 2. Nf3 Nc6 3. Bb5 a6 4. Ba4 Nf6 5. O-O Be7 6. d3 b5 7. Bb3 d6 8. a4 b4
9. a5 O-O 10. Nbd2 Rb8 11. Re1 Be6 12. Bc4 Qc8 13. h3 h6 14. b3 Re8 15. Bb2 Bf8
16. Nf1 g6 17. Ne3 Bg7 18. c3 Qb7 19. Bxe6 Rxe6 20. c4 Na7 21. Nh2 c6 22. Nhg4
Nd7 23. d4 h5 24. d5 cxd5 25. cxd5 Re7 26. Nh2 Nc5 27. Nc4 Qd7 28. Rc1 Rb5 29.
Nf3 Bh6 30. Ra1 f6 31. Qc2 Rg7 32. Bc1 Bxc1 33. Raxc1 Nc8 34. Nfd2 Ne7 35. f4
exf4 36. Nf3 g5 37. Nd4 g4 38. hxg4 Qxg4 39. Nxd6 f3 40. N6xb5 Nd3 41. Nxf3
Qxf3 42. Nd4 Qg3 43. Re2 Rg4 44. Nf5 Nxf5 45. Qc8+ Kg7 46. Rc7+ Kh6 47. exf5
Ne5 48. Qf8+ Kg5 49. Rg7+ Kf4 50. Rf2+ Ke3 51. Qc5+ Kd3 52. Qc2+ Kd4 53. Rd2+
Ke3 54. Re2+ Kd4 55. Re4+ Kxd5 56. Rd7+ Nxd7 57. Qc4+ 1-0

[Event "2BLO 1920 SK Passau - MSA Zugzwang"]
[Site "?"]
[Date "2019.12.08"]
[Round "6.2"]
[White "Leisch, Lukas"]
[Black "Kindermann, Stefan"]
[Result "1/2-1/2"]
[WhiteElo "2353"]
[BlackElo "2471"]
[PlyCount "54"]
[EventDate "2019.??.??"]

1. c4 f5 2. d4 Nf6 3. Nc3 d6 4. Bg5 Nbd7 5. Qc2 g6 6. h4 h6 7. Bd2 e5 8. e3 Bg7
9. h5 Nf8 10. hxg6 Nxg6 11. O-O-O Qe7 12. dxe5 dxe5 13. e4 f4 14. Nd5 Qf7 15.
Ba5 b6 16. Qa4+ Kf8 17. Qc6 Rb8 18. Bb4+ Kg8 19. Qxc7 Qxc7 20. Nxc7 Nxe4 21.
Bd3 Bb7 22. Bxe4 Bxe4 23. f3 Rc8 24. fxe4 Rxc7 25. b3 b5 26. Bd6 Rc6 27. c5 b4
1/2-1/2

[Event "2BLO 1920 SK Passau - MSA Zugzwang"]
[Site "?"]
[Date "2019.12.08"]
[Round "6.3"]
[White "Hertneck, Gerald"]
[Black "Wisnet, Dominic"]
[Result "1-0"]
[WhiteElo "2490"]
[BlackElo "2299"]
[PlyCount "87"]
[EventDate "2019.??.??"]

1. d4 Nf6 2. Nf3 e6 3. c4 c5 4. d5 exd5 5. cxd5 d6 6. Nc3 g6 7. h3 Qe7 8. e4 a6
9. Bd3 b5 10. O-O Nbd7 11. Bf4 Bg7 12. Qd2 O-O 13. Rae1 Bb7 14. a4 c4 15. Bc2
b4 16. Nd1 a5 17. Nd4 Rfc8 18. Nb5 Ne8 19. Bg5 Qf8 20. f4 Ba6 21. f5 Bxb5 22.
axb5 Be5 23. b6 Rab8 24. Ba4 Nxb6 25. Bc6 f6 26. fxg6 hxg6 27. Bf4 Rc7 28. Bxe5
dxe5 29. Ne3 Qd6 30. Qe2 Nd7 31. Nxc4 Qc5+ 32. Kh2 Kg7 33. Ra1 Nd6 34. Nxa5 Qd4
35. Bxd7 Rh8 36. Nc6 Qxe4 37. Qxe4 Nxe4 38. Be6 Nc5 39. Nxb4 Rb7 40. Nc6 Rxb2
41. Ra7+ Kh6 42. Rxf6 Kg5 43. Rf3 Re2 44. Rg3+ 1-0

[Event "2BLO 1920 SK Passau - MSA Zugzwang"]
[Site "?"]
[Date "2019.12.08"]
[Round "6.4"]
[White "Weiss, Christian"]
[Black "Zysk, Robert"]
[Result "1/2-1/2"]
[WhiteElo "2373"]
[BlackElo "2403"]
[PlyCount "90"]
[EventDate "2019.??.??"]

1. b3 e5 2. Bb2 d6 3. e3 Nd7 4. c4 g6 5. Nf3 Bg7 6. Nc3 f5 7. Qc2 Ngf6 8. h4 c6
9. O-O-O Qe7 10. Be2 Ng4 11. Rdf1 Nc5 12. d4 exd4 13. exd4 Ne6 14. Bd1 O-O 15.
d5 Nd4 16. Nxd4 Bxd4 17. dxc6 bxc6 18. Qd2 Qg7 19. h5 Bd7 20. hxg6 hxg6 21.
Bxg4 fxg4 22. Nd1 c5 23. Rh4 Rae8 24. Bxd4 Qxd4 25. Qxd4 cxd4 26. Kd2 d5 27.
Rfh1 dxc4 28. bxc4 Bf5 29. Rh8+ Kg7 30. R1h7+ Kf6 31. Rxf8+ Rxf8 32. Rxa7 Rc8
33. Ra6+ Kg5 34. Nb2 g3 35. fxg3 Rb8 36. Nd3 Kg4 37. Rd6 Kxg3 38. Rxd4 Kxg2 39.
c5 Rc8 40. Rd5 Kf3 41. Kc3 Be4 42. Rd6 g5 43. Kc4 g4 44. Ne5+ Kf4 45. Nxg4 Kxg4
1/2-1/2

[Event "2BLO 1920 SK Passau - MSA Zugzwang"]
[Site "?"]
[Date "2019.12.08"]
[Round "6.5"]
[White "Raykhman, Alexander"]
[Black "Testor, Sebastian"]
[Result "1/2-1/2"]
[WhiteElo "2379"]
[BlackElo "2334"]
[PlyCount "81"]
[EventDate "2019.??.??"]

1. d4 e6 2. c4 Nf6 3. Nf3 b6 4. Bg5 Bb7 5. e3 h6 6. Bh4 Be7 7. Nc3 Ne4 8. Bxe7
Qxe7 9. Rc1 O-O 10. Be2 d6 11. O-O Nd7 12. Nxe4 Bxe4 13. Nd2 Bb7 14. d5 e5 15.
e4 a5 16. Bg4 Nc5 17. Rc3 Bc8 18. Bxc8 Raxc8 19. Qc2 g6 20. b3 f5 21. a3 Nxe4
22. Nxe4 fxe4 23. Qxe4 Qf6 24. Rf3 Qg7 25. Rg3 Kh7 26. b4 Rf4 27. Qc2 axb4 28.
axb4 Rcf8 29. Ra3 e4 30. Qe2 Qd4 31. Re3 Re8 32. Re1 Rf7 33. h4 h5 34. Rd1 Qf6
35. g3 Re5 36. Rd2 Rfe7 37. Qe1 Qf5 38. Rde2 Qg4 39. b5 Qf5 40. Qb1 Qg4 41. Qe1
1/2-1/2

[Event "2BLO 1920 SK Passau - MSA Zugzwang"]
[Site "?"]
[Date "2019.12.08"]
[Round "6.6"]
[White "Pflug, Matthias"]
[Black "Hoffmeyer, Falk"]
[Result "1/2-1/2"]
[WhiteElo "2280"]
[BlackElo "2335"]
[PlyCount "59"]
[EventDate "2019.??.??"]

1. e4 c6 2. d4 d5 3. Nc3 dxe4 4. Nxe4 Bf5 5. Ng3 Bg6 6. h4 h6 7. Nf3 e6 8. Ne5
Bh7 9. Bd3 Bxd3 10. Qxd3 Nd7 11. f4 Be7 12. Bd2 Nxe5 13. fxe5 Bxh4 14. O-O-O
Bxg3 15. Qxg3 Ne7 16. Qxg7 Rg8 17. Qxh6 Qd5 18. Kb1 O-O-O 19. Qf6 Rd7 20. Qxf7
Rxg2 21. Bb4 Nf5 22. Rh8+ Kc7 23. Qe8 Kb6 24. Bc5+ Ka6 25. Rh3 Qxc5 26. Ra3+
Kb5 27. Rb3+ Ka6 28. Ra3+ Kb5 29. Rb3+ Ka6 30. Ra3+ 1/2-1/2

[Event "2BLO 1920 SK Passau - MSA Zugzwang"]
[Site "?"]
[Date "2019.12.08"]
[Round "6.7"]
[White "Gerigk, Erasmus"]
[Black "Hellmayr, Alois"]
[Result "1-0"]
[WhiteElo "2324"]
[BlackElo "2241"]
[PlyCount "101"]
[EventDate "2019.??.??"]

1. e4 c5 2. Nc3 a6 3. f4 b5 4. d3 e6 5. Qe2 Nc6 6. Nf3 Nd4 7. Nxd4 cxd4 8. Nd1
Bb7 9. Bd2 Ne7 10. g3 Rc8 11. Rc1 Nc6 12. a3 b4 13. axb4 Bxb4 14. c3 Bc5 15.
Bg2 a5 16. Nf2 O-O 17. O-O f5 18. Kh1 Qb6 19. g4 Rce8 20. Rb1 Qd8 21. Rbe1 Bb6
22. Bc1 Kh8 23. gxf5 exf5 24. Qh5 g6 25. Qh6 Ne7 26. Bd2 Ng8 27. Qh3 Ne7 28.
Qg3 d5 29. e5 Rg8 30. Nh3 Rg7 31. Ng5 Qc8 32. Rc1 Qd7 33. e6 Qa4 34. Nf7+ Kg8
35. Nd6 Rb8 36. c4 Ba8 37. c5 Bc7 38. Be1 Rxb2 39. Bf2 Rb4 40. Qh4 Bb8 41. Nf7
Qe8 42. Rfe1 Rxf7 43. exf7+ Qxf7 44. Qg3 Bc7 45. Qf3 Bc6 46. Bh4 Nc8 47. Qf2 h6
48. Rc2 a4 49. Rce2 Ba5 50. Re6 Bb7 51. c6 1-0

[Event "2BLO 1920 SK Passau - MSA Zugzwang"]
[Site "?"]
[Date "2019.12.08"]
[Round "6.8"]
[White "Linhart, Wolfgang"]
[Black "Lammers, Markus"]
[Result "0-1"]
[WhiteElo "2154"]
[BlackElo "2320"]
[PlyCount "88"]
[EventDate "2019.??.??"]

1. d4 Nf6 2. Nf3 e6 3. e3 c5 4. c3 d5 5. Nbd2 Nbd7 6. Bd3 Bd6 7. O-O O-O 8. Re1
e5 9. e4 Re8 10. exd5 cxd4 11. cxd4 Nxd5 12. Ne4 Bb4 13. Bd2 exd4 14. Bc4 N7b6
15. Bxd5 Nxd5 16. Nxd4 Be7 17. Qb3 Nb6 18. Bc3 Qd5 19. Rad1 Bg4 20. f3 Bd7 21.
Qxd5 Nxd5 22. Nb3 Be6 23. g3 Rac8 24. Kg2 Nb4 25. Nd4 Bd7 26. a3 Nd5 27. Rc1 f5
28. Nf2 Nxc3 29. Rxc3 Rxc3 30. bxc3 g6 31. Nd3 Bd6 32. Ra1 Re3 33. Nb4 Rxc3 34.
Ne2 Re3 35. Nf4 Ba4 36. Nfd5 Re2+ 37. Kh3 Rd2 38. Nf4 Bd7 39. Nbd5 Kf7 40. Ne3
g5 41. Nf1 Rd4 42. Ng2 g4+ 43. fxg4 fxg4+ 44. Kh4 Be7+ 0-1